000 00970nam0a22002651 4500
001 rc\989525
005 20041129101453.7
035 _a(NLR Aleph) 006156865
090 _a5821066
_c5821066
100 _a20041129d1981 u |0rusy50 ca
101 0 _arus
102 _aRU
105 _aa |||||||||
200 1 _aЭлектростатика
_eУчеб. пособие по решению задач
210 _aХарьков
_cХАИ
_d1981
215 _a62 с.
_cил.
_d20
300 _aВ надзаг.: М-во высш. и сред. спец. образования СССР, Харьк. авиац. ин-т им. Н.Е. Жуковского
320 _aБиблиогр.: с. 62
700 1 _aГюрджиян
_bС. Т.
_gСветлана Томосовна
701 1 _aДемченко
_bВ. Г.
_gВалентина Григорьевна
801 0 _aRU
_bNLR
_gpsbo
801 1 _aRU
_bELAR
_2rusmarc
852 _aNLR
_j81-4/22242
942 _cBOOK
980 _aNB